| 000 | 00568nam a22001937a 4500 | ||
|---|---|---|---|
| 999 |
_c192299 _d192299 |
||
| 005 | 20220916162444.0 | ||
| 010 | _aENG-135101 | ||
| 020 |
_a9789393737052 _c245.00 |
||
| 035 | _aEN-118633 | ||
| 037 | _bDBAD/PUB | ||
| 082 | _a332.1 | ||
| 100 | _aK.Veera kumar | ||
| 245 |
_aModern Banking / _cby K.Veera kumar [and] A.S.Naveen Kumar |
||
| 260 |
_aTamil Nadu _bShanlax Publications _c2022 |
||
| 270 |
_aVasantha Nagar,Madurai, _bTamil Nadu _e625003 |
||
| 300 |
_a179p. _c22cm(pbk) |
||
| 700 | _aA.S.Naveen Kumar | ||
| 942 |
_2ddc _cEN _h332.1 _mKVE |
||